000 00562nam a22002177a 4500
003 OSt
008 240207b2012 |||||||| |||| 00| 0 eng d
020 _a9788131760352,
082 _a658.8
_bKAS-R
100 _aKashyap, Pradeep
245 _aRural marketing /
_cPradeep Kashyap.
250 _a2nd
260 _aNew Delhi :
_bPearson ,
_c2012.
300 _axxv, 301 p. ;
650 _aCibles (Marketing) Inde
650 _a India
650 _aIndustrie rurale Inde
650 _aRural industries
650 _aRural industries India
942 _2ddc
_cBK
999 _c20290
_d20290